Tableau périodique des éléments- métaux alcalins - Statistiques

Statistiques générales
  • Ce quiz a été pris 92 fois
  • Le résultat moyen est 4 sur 6
Statistiques - réponses
Métaux alcalins % Correct
Lithium
98%
Potassium
98%
Sodium
96%
Francium
72%
Rubidium
70%
Caesium
13%
Aucun quiz correspondant
Distribution des résultats
% des personnes avec chaque résultat
Percentile par nombre de réponses
Votre historique - résultats
Vous n’avez pas pris ce quiz